Retrouve le personnage de One Piece grâce au nom de sa technique - Statistiques

Statistiques générales
  • Ce quiz a été pris 171 fois
  • Le résultat moyen est 32 sur 40
Statistiques - réponses
Technique Personnage % Correct
72 Klesha Slash Zoro
99%
Gum Gum Pistol Luffy
98%
Diable-Jambe Sanji
98%
Black Hole Barbe-Noire
96%
Room: Chambles Law
96%
Flamme Impériale Ace
95%
Bird Cage/La Cage Doflamingo
94%
Ice Age Aokiji
93%
Soul Solid Brook
93%
Monster Point Chopper
93%
Sorcery Clima-Tact Nami
93%
Rafale du désert Crocodile
91%
Seis Fleurs Clutch Robin
91%
Explosion Volcanique Akainu
90%
Tremblement d'île Barbe-Blanche
90%
Griffe du Dragon Sabo
89%
Flammes bleues de résurrection Marco
87%
Pop Green Usopp
87%
Barrier Crash Bartolomeo
86%
Galaxy Impact Garp
85%
Vague du Requin Marteau Jinbe
85%
Raimei Hakke/ Grondementde tonnerre divin Kaido
85%
Strong Right Franky
84%
Riz Gluant Enflammé Katakuri
82%
Sabre de Gravité: Tigre Féroce Fujitora
80%
Death Wink Ivankov
79%
Punk Gibson Kid
79%
Special Muggy Ball Baggy
78%
Slave Arrow Hancock
77%
Ursus Shock Kuma
72%
Rokushiki Ogi: Rokuogan/Ultime attaque: Tir des 6 pouvoirs Lucci
70%
Térébration Big Mom
68%
Raigo Ener
68%
Miroir Impérial Kizaru
66%
Big Father Bege
65%
Trépas Divin Roger
63%
White Out Smoker
58%
Brise-flammes Kinemon
53%
Hurricane Mihawk
42%
Gun Modoki/Arquebuse du Démon Oden
31%
Aucun quiz correspondant
Distribution des résultats
% des personnes avec chaque résultat
Percentile par nombre de réponses
Votre historique - résultats
Vous n’avez pas pris ce quiz